QI Quotes Quiz Stats

Quiz not verified by Sporcle

Challenge
Share
Tweet
Embed
Score 0/15 Timer 06:00
0 Plays Today
Quote Missing Words % Correct
(Stephen is talking about pilots lunches and goes 'Why do I say LunchES) Because there's __ __ _____ (Bill Bailey)more than one
62.2%
(Jeremy Clarkson is talking about eating puffin because he has never had it before) Have you tried one of my __? (Sean Lock)turds
59.5%
I dare say that the drivers in New Zealand, as they see the sun setting, are reassured to know that it's __ ______ (Phill Jupitus)not there
54.1%
Zees new uniforms are ___! (Bill Bailey)cool
51.4%
Would sir like to wear a cravat on the __-_______ _____? (Bill Bailey)cross-country run
48.6%
(Stephen has just said that zebras are white with black stripes) Well, you would say that, wouldn't you __ _____? (Reginald D. Hunter)white man
43.2%
The great thing about Sainsbury, it keeps the scum out of ______ (Stephen Fry)Waitrose
37.8%
Stephen doesn't have beer goggles, he has ___ ____-_ (Phill Jupitus)Madeira pince-nez
27%
Quote Missing Words % Correct
(Stephen is talking about heightism, and how short people are discrimintaed against.) They should __ _ (Alan Davies)rise up
27%
What kind of _________ ___ is this? (Phill Jupitus)hellish quiz
27%
He was a French writer trying to make a point, and therefore a __ (Stephen Fry)git
10.8%
(Stephen is talking about Cameroonian tribes with names like Eton, Bum, Bang, Banana, Mang, Fang, Tang, Wum, Wam, War and Pongo) Who discovered this tribe, ___ _____? (Sean Lock)Benny Hill
10.8%
What are your weaknesses? ___ and masturbating (Phill Jupitus)heroin
8.1%
(Stephen Fry is talking about operations. Bill Bailey interupts him talking about drugs by saying 'hallucinogenics') Woo Wahoo, I'm being taken for a ride by a __ ____space octopus
2.7%
(Stephen is talking about playing hockey in a quadrangle at school) Well, in my school, we used to set __ _ ____. In an octangle (Lee Mack)fire to cars
2.7%

You're not logged in!

Compare scores with friends on all Sporcle quizzes.
Join for Free
OR
Log In

You Might Also Like...

Show Comments

Extras

Top Quizzes Today


Score Distribution

Your Account Isn't Verified!

In order to create a playlist on Sporcle, you need to verify the email address you used during registration. Go to your Sporcle Settings to finish the process.

Report this User

Report this user for behavior that violates our Community Guidelines.

Details: